000
00313nam a22001337a 4500
008
170605b xxu||||| |||| 00| 0 eng d
020
_a
2900547005361
041
_a
eng
080
_a
94(5)
100
_a
18
101
_a
SHH
245
_a
,ODERN EAST ASIA AND POLITICLA HISTORY
_c
EBREY.P
942
_2
udc
_c
BK
999
_c
15987
_d
15987